000 00340nam a22001457a 4500
003 OSt
005 20211228091503.0
008 211228b |||||||| |||| 00| 0 eng d
020 _a0131227231
040 _cHU
082 _28th
100 _aCapron H.L.
_925617
245 _aComputes:
_bTools for an information Age
942 _2ddc
_cBOOKS
_n0
999 _c24508
_d24508